Reading Architecture. A Visual Lexicon

Na minha lista:
Detalhes bibliográficos
Autor principal: Hopkins, Owen (Author)
Formato: Livro
Idioma:inglês
Publicado em: London : Laurence King, 2012
Assuntos:
Tags: Adicionar Tag
Sem tags, seja o primeiro a adicionar uma tag!

MARC

LEADER 00000nam a22000003a 4500
001 stu244511
005 20150617225650.6
008 120314s2012------------------------eng-d
020 |a 978-1-85669-736-1 
040 |a STU  |b slo 
041 0 |a eng 
100 1 |a Hopkins, Owen  |4 aut 
245 1 |a Reading Architecture. A Visual Lexicon 
260 |a London :  |b Laurence King,  |c 2012 
300 |a 172 s 
650 7 |a dejiny architektúry  |2 stusub 
650 7 |a architektúra historická  |2 stusub 
996 |b 284AU05174  |c A*7904 U  |l AAKNST  |s P  |a 0  |w stu244511_0001